000
00479nam a2200145Ia 4500
008
100122s9999 xx 000 0 und d
082
_b
29841
_a
821
100
_a
मराठे प्र द
245
_a
भोवऱ्यात नाव माझी
260
_b
प्रमोद प्रकाशन
_c
1905
300
_a
374
630
_a
भोवऱ्यात नाव माझी
730
_a
भोवऱ्यात नाव माझी
942
_c
BOOK
999
_c
414926
_d
414923